| 000 | 00645nam a2200169 i 4500 | ||
|---|---|---|---|
| 001 | bg | ||
| 100 | 1 | _aBOLIKOWSKI, Jerzy | |
| 245 | 0 |
_aZagadnienia korekcji błędów pomiaru mocy czynnej i wartości skutecznej w mikroprocesorowych przyrządach pomiarowych / _cJ. Bolikowski. |
|
| 260 |
_aZielona Góra, _c1988. |
||
| 490 | 1 |
_aMonografia / Wyższa Szkoła Inżynierska im. Jurija Gagarina w Zielonej Górze ; _v46 |
|
| 830 | 0 |
_aMonografia (Wyższa Szkoła Inżynierska im. Jurija Gagarina w Zielonej Górze) ; _v46 |
|
| 040 | _cBPK | ||
| 041 | _apol | ||
| 080 | _a621.317:681.322 | ||
| 942 | _cKS | ||
| 008 | s pl f |000 0 pol | ||
| 999 |
_c28753 _d28753 |
||
| 856 |
_uhttp://koha.tu.koszalin.pl/cgi-bin/koha/opac-detail.pl?biblionumber=28753 _yKatalog online BPK |
||